El Conocimiento como el factor productivo del siglo XXI: ¿qué piensan las organizaciones sobre la propiedad intelectual de los pueblos indígenas? /
Este artículo es una introducción a un tema tan desconocido y, a la vez, tan fundamental. ¿Qué riesgos y oportunidades representan los TRIPs (Trade-Related Intellectual Property Rights) para las poblaciones indígenas portadoras de saber y recursos naturales? Para responder a esta pregunta, los autor...
Guardado en:
| Autor principal: | |
|---|---|
| Otros Autores: | |
| Formato: | Texto |
| Materias: | |
| Etiquetas: |
Agregar Etiqueta
Sin Etiquetas, Sea el primero en etiquetar este registro!
|
MARC
| LEADER | 00000 a a2200000 04500 | ||
|---|---|---|---|
| 001 | 18881 | ||
| 003 | |||
| 040 | |||
| 100 | |a Mendoza V, René | ||
| 245 | |a El Conocimiento como el factor productivo del siglo XXI: |b ¿qué piensan las organizaciones sobre la propiedad intelectual de los pueblos indígenas? / |c René Mendoza V ; Klaus Kuhnekath | ||
| 500 | |a Resumen también en inglés 3 | ||
| 520 | |a Este artículo es una introducción a un tema tan desconocido y, a la vez, tan fundamental. ¿Qué riesgos y oportunidades representan los TRIPs (Trade-Related Intellectual Property Rights) para las poblaciones indígenas portadoras de saber y recursos naturales? Para responder a esta pregunta, los autores hurgan en el sentido de propiedad intelectual y en el conocimiento como el cuarto factor y primero en orden de importancia para la generación de riqueza en el mundo de hoy. Identifican el significado de ese factor, lo contextualizan en el marco de los acuerdos-contratos internacionales (Ronda de Uruguay, OMC, Declaración Doha, ALCA-CAFTA) y ponderan a la OMC como organización no estatal pero con reglas que tienen un carácter de ineludible cumplimiento por los Estados -en este caso en torno a los TRIPs. Al final ofrecen un marco de autoreflexión para las comunidades indígenas y para las organizaciones que trabajan con ellas | ||
| 650 | |a PROPIEDAD INTELECTUAL | ||
| 650 | |a DERECHOS DE PROPIEDAD | ||
| 650 | |a POBLACION INDIGENA | ||
| 650 | |a CONOCIMIENTOS AUTOCTONOS | ||
| 650 | |a VALORES CULTURALES | ||
| 650 | |a NEOLIBERALISMO | ||
| 650 | |a ACUERDOS ECONOMICOS | ||
| 650 | |a DESIGUALDAD ECONOMICA | ||
| 650 | |a CONOCIMIENTOS TECNOLOGICOS | ||
| 650 | |a DERECHO DE PATENTES | ||
| 650 | |a ACCION COLECTIVA | ||
| 650 | |a ORGANIZACIONES N | ||
| 700 | |a Kuhnekath, Klaus | ||
| 773 | |g número 40; páginas 45-57 | ||
| 999 | |c 39196 |d 39196 | ||
